000 02603cam a2200337 i 4500
999 _c16656
_d16656
001 20015611
005 20220316111719.0
008 170921s2018 nyu b 001 0 eng
010 _a 2017045254
020 _a9781462533237 (paperback : acidfree paper)
040 _aDLC
_beng
_cDLC
_erda
_dDLC
042 _apcc
050 0 0 _aRC564
_b.D536 2018
082 0 0 _aDC 362.29
_22018
_bD561
084 _aPSY038000
_aMED105000
_aSOC025000
_2bisacsh
100 1 _aDiClemente, Carlo C.,
_eauthor.
_944431
245 1 0 _aAddiction and change :
_bhow addictions develop and addicted people recover /
_cCarlo C. DiClemente.
250 _aSecond edition.
260 _aNew York :
_bThe Guilford Press ;
_c2018.
300 _axx, 364 pages ;
_c24 cm
504 _aIncludes bibliographical references (pages 311-352) and index.
520 _a"Not everyone who experiments with substance use or risky behavior becomes addicted, and many who are addicted have been able to recover. This authoritative book, now revised and updated, has given tens of thousands of professionals and students a state-of-the-art framework for understanding the journey both into and out of addiction. From Carlo C. DiClemente, codeveloper of the transtheoretical model (TTM), the book identifies the stages and processes involved in initiating, modifying, maintaining, or stopping any pattern of behavior. Grounded in extensive research, and illustrated with vivid case examples, the book shows how using the TTM can help overcome obstacles to change and make treatment and prevention more effective. Key words/Subject Areas: addictions, alcoholism, problem drinking, substance abuse, substance use disorders, addictive behaviors, chemical dependency, drugs, nicotine, dependence, treatments, interventions, prevention, recovery, stages of change, processes, transtheoretical model, TTM, addiction research, motivational interviewing, behavior change, behavioural change, texts Audience: Practitioners and graduate students in clinical psychology, clinical social work, psychiatric nursing, substance abuse counseling, and psychiatry"--
650 0 _aAddicts
_xRehabilitation.
_944432
650 0 _aSubstance abuse
_xTreatment.
_944433
650 7 _aPSYCHOLOGY / Psychopathology / Addiction.
_2bisacsh
_944434
650 7 _aMEDICAL / Psychiatry / General.
_2bisacsh
_944435
650 7 _aSOCIAL SCIENCE / Social Work.
_2bisacsh
_944436
906 _a7
_bcbc
_corignew
_d1
_eecip
_f20
_gy-gencatlg
942 _2ddc
_cDC